000 00371cam a2200157ua 4500
003 OSt
008 240416b |||||||| |||| 00| 0 eng d
041 _aeng
082 _a028.70335
_bGOV/MA
245 _aManual of office procedure /
250 _a1 /
260 _aIndia :
_bGovernment of Kerala ,
_c1969.
300 _a121 ; .
500 _a**Reference
942 _cBK
999 _c7773
_d7773